|
|
|
|
| LEADER |
00000nam0a2200000 4500 |
| 001 |
56282 |
| 005 |
20231031053255.0 |
| 010 |
|
|
|a 5030020098
|
| 035 |
|
|
|a (RuTPU)RU\TPU\book\59110
|
| 090 |
|
|
|a 56282
|
| 100 |
|
|
|a 20030926d1991 k y0rusy50 ca
|
| 101 |
1 |
|
|a rus
|c ger
|
| 102 |
|
|
|a RU
|
| 105 |
|
|
|a a z 001zy
|
| 200 |
1 |
|
|a Оптоэлектронные сенсорные системы
|e пер. с нем.
|f Д. Шмидт, В. Шварц
|
| 210 |
|
|
|a Москва
|c Мир
|d 1991
|
| 215 |
|
|
|a 95 с.
|c ил.
|
| 320 |
|
|
|a Библиогр.: с. 93-94.
|
| 610 |
1 |
|
|a оптоэлектроника
|
| 610 |
1 |
|
|a оптоэлектроника полупроводниковая
|
| 610 |
1 |
|
|a сенсоры оптоэлектронные
|
| 610 |
1 |
|
|a информация
|
| 610 |
1 |
|
|a обработка
|
| 610 |
1 |
|
|a проектирование
|
| 675 |
|
|
|a 621.383
|v 3
|
| 700 |
|
1 |
|a Шмидт
|b Д.
|g Детлеф
|
| 701 |
|
1 |
|a Шварц
|b В.
|g Вольфганг
|
| 801 |
|
1 |
|a RU
|b 63413507
|c 20030926
|g PSBO
|
| 801 |
|
2 |
|a RU
|b 63413507
|c 20111015
|g PSBO
|
| 942 |
|
|
|c BK
|